[Event "Titled Tuesday intern op 12th Sep Late"]
[Site "Chess.com INT"]
[Date "2023.09.12"]
[Round "8"]
[White "Gulbeyaz, Emir"]
[Black "Castella Garcia, Fausto"]
[Result "0-1"]
[WhiteElo "2225"]
[BlackElo "2320"]
[PlyCount "94"]
[EventDate "2023.09.12"]
[EventType "swiss (blitz)"]
[EventRounds "11"]
[EventCountry "USA"]
[SourceTitle "EXT 2024"]
[Source "ChessBase"]
[SourceDate "2023.10.10"]
[SourceVersion "1"]
[SourceVersionDate "2023.10.10"]
[SourceQuality "1"]

1. d4 Nf6 2. Bf4 g6 3. Nc3 d5 4. e3 Bg7 5. h4 c5 6. Nf3 Nc6 7. Nb5 0-0 8. c3 Bg4 9. Be2 a6 10. Na3 c4 11. Ne5 Bxe2 12. Qxe2 Nxe5 13. Bxe5 b5 14. Nc2 a5 15. Bxf6 exf6 16. 0-0 f5 17. g3 Re8 18. Qf3 Qd6 19. Ne1 b4 20. Ng2 Rab8 21. Nf4 Red8 22. Rab1 h5 23. Rfc1 Rb5 24. b3 bxc3 25. bxc4 Rxb1 26. Rxb1 Qa3 27. Qe2 dxc4 28. Qc2 Bf8 29. Ne2 Bb4 30. Rc1 Rc8 31. Nxc3 Bxc3 32. Qxc3 Qxc3 33. Rxc3 Kf8 34. f3 Ke7 35. Kf2 Kd6 36. e4 fxe4 37. fxe4 f5 38. Ke3 fxe4 39. Kxe4 Re8+ 40. Kf4 Kd5 41. Kg5 Kxd4 42. Rc1 Re6 43. Rd1+ Kc5 44. a3 c3 45. Rd8 c2 46. Rc8+ Rc6 47. Rxc6+ Kxc6 0-1

[Event "Titled Tuesday intern op 05th Sep Early"]
[Site "Chess.com INT"]
[Date "2023.09.05"]
[Round "2"]
[White "Gulbeyaz, Emir"]
[Black "Gaal, Zsoka"]
[Result "1-0"]
[WhiteElo "2225"]
[BlackElo "2308"]
[PlyCount "87"]
[EventDate "2023.09.05"]
[EventType "swiss (blitz)"]
[EventRounds "11"]
[EventCountry "USA"]
[SourceTitle "EXT 2024"]
[Source "ChessBase"]
[SourceDate "2023.10.10"]
[SourceVersion "1"]
[SourceVersionDate "2023.10.10"]
[SourceQuality "1"]

1. e4 e5 2. Nf3 Nc6 3. Bc4 d6 4. d4 exd4 5. Nxd4 Nf6 6. Nc3 Nxd4 7. Qxd4 Be6 8. Bf4 Be7 9. 0-0-0 0-0 10. f3 Qc8 11. g4 a6 12. g5 Nh5 13. Be3 b5 14. Bd5 c6 15. Bxe6 fxe6 16. Rhf1 e5 17. Qd3 Qe6 18. Kb1 a5 19. Ne2 a4 20. Ng3 g6 21. Nxh5 gxh5 22. f4 exf4 23. Bxf4 Rad8 24. Qg3 Qg6 25. h4 b4 26. Qd3 a3 27. Qc4+ Qf7 28. Qxc6 axb2 29. Qd5 Qxd5 30. exd5 Rf5 31. Be3 Rdf8 32. Rxf5 Rxf5 33. Kxb2 Re5 34. Rd3 Re4 35. Bf2 Bf8 36. Kb3 Bg7 37. Re3 Rxe3+ 38. Bxe3 Bc3 39. a4 bxa3 40. Kxc3 a2 41. Kb2 Kf7 42. Kxa2 Kg6 43. Bf4 Kf5 44. Bxd6 1-0

[Event "Titled Tuesday intern op 05th Sep Early"]
[Site "Chess.com INT"]
[Date "2023.09.05"]
[Round "6"]
[White "Gulbeyaz, Emir"]
[Black "Tifferet, Shaked"]
[Result "0-1"]
[WhiteElo "2225"]
[BlackElo "2280"]
[PlyCount "70"]
[EventDate "2023.09.05"]
[EventType "swiss (blitz)"]
[EventRounds "11"]
[EventCountry "USA"]
[SourceTitle "EXT 2024"]
[Source "ChessBase"]
[SourceDate "2023.10.10"]
[SourceVersion "1"]
[SourceVersionDate "2023.10.10"]
[SourceQuality "1"]

1. d4 g6 2. e4 Bg7 3. Nc3 d6 4. f4 Nd7 5. Nf3 a6 6. e5 e6 7. Be3 Ne7 8. Bd3 b5 9. Ne4 d5 10. Nf2 Bb7 11. a4 b4 12. a5 Rc8 13. Qe2 c5 14. Bxa6 Bxa6 15. Qxa6 c4 16. Qb5 Rb8 17. Qa4 b3 18. 0-0 0-0 19. Bd2 bxc2 20. Qxc2 Rb3 21. Bc3 Nc6 22. Nd2 Rb5 23. Rfb1 Qa8 24. b3 cxb3 25. Rxb3 Rfb8 26. Rxb5 Rxb5 27. Qd3 Qa6 28. Ra2 Ndb8 29. Qc2 h5 30. Nb3 Bf8 31. Nd3 Rxb3 32. Qxb3 Qxd3 33. Qc2 Qe3+ 34. Kh1 Qxf4 35. Qd2 Qf1# 0-1

[Event "TUR-ch Youth"]
[Site "Denizli"]
[Date "2022.05.29"]
[Round "9"]
[White "Gulbeyaz, Emir"]
[Black "Gunduz, Umut Erdem"]
[Result "0-1"]
[WhiteElo "2212"]
[BlackElo "2316"]
[PlyCount "99"]
[EventDate "2022.05.24"]
[EventType "swiss"]
[EventRounds "9"]
[EventCountry "TUR"]
[SourceTitle "EXT 2023"]
[Source "ChessBase"]
[SourceDate "2022.10.05"]
[SourceVersion "1"]
[SourceVersionDate "2022.10.05"]
[SourceQuality "1"]

1. d4 Nf6 2. Nf3 c5 3. g3 cxd4 4. Nxd4 d5 5. Nb3 e5 6. Bg2 h6 7. 0-0 a5 8. a4 Nc6 9. Nc3 Be6 10. Kh1 d4 11. Nb5 Bd5 12. e3 Bxg2+ 13. Kxg2 Qd5+ 14. Kg1 0-0-0 15. exd4 exd4 16. Bf4 Rd7 17. c4 Qf5 18. c5 Ng4 19. Re1 Be7 20. Rxe7 Qh5 21. h4 Rxe7 22. N3xd4 Nxd4 23. Qxd4 Ne5 24. Qd6 Rd7 25. Qxe5 Qxe5 26. Bxe5 f6 27. Bd6 Re8 28. Kf1 Re4 29. Nc3 Rd4 30. Re1 Kd8 31. Re3 Rb4 32. Nd5 Rxa4 33. Kg2 Ra2 34. Kf3 Rxb2 35. Be7+ Rxe7 36. Nxe7 Rc2 37. Nf5 Rxc5 38. Nxg7 Kd7 39. Rd3+ Kc6 40. g4 a4 41. Nf5 b5 42. Ne7+ Kb6 43. Nd5+ Ka5 44. Nxf6 b4 45. Ne4 Rb5 46. Nd6 Rb8 47. g5 hxg5 48. hxg5 a3 49. Nc4+ Ka4 50. Nd2 0-1

[Event "TUR Cup"]
[Site "Adapazari"]
[Date "2022.03.31"]
[Round "10"]
[White "Temizer, Umut"]
[Black "Gulbeyaz, Emir"]
[Result "0-1"]
[WhiteElo "1900"]
[BlackElo "2218"]
[PlyCount "94"]
[EventDate "2022.03.25"]
[EventType "swiss"]
[EventRounds "11"]
[EventCountry "TUR"]
[SourceTitle "EXT 2023"]
[Source "ChessBase"]
[SourceDate "2022.10.05"]
[SourceVersion "1"]
[SourceVersionDate "2022.10.05"]
[SourceQuality "1"]

1. e4 g6 2. d4 Bg7 3. Nf3 d6 4. Bd3 Nf6 5. 0-0 0-0 6. c3 Nc6 7. d5 Nb8 8. h3 e6 9. dxe6 Bxe6 10. Nd4 Bd7 11. f4 Re8 12. Qf3 c5 13. Ne2 Bc6 14. Ng3 Nbd7 15. c4 Nf8 16. Nc3 N6d7 17. Nd5 Ne6 18. Kh2 Nd4 19. Qf2 a6 20. Bd2 b5 21. Rae1 Bxd5 22. cxd5 Qc7 23. Bb1 Nb6 24. b3 a5 25. Ne2 Nxe2 26. Rxe2 c4 27. Be3 Rab8 28. a4 cxb3 29. Rc1 Qb7 30. axb5 Nd7 31. Rc6 Qxb5 32. Rxd6 a4 33. Rd2 a3 34. Bd3 Qb7 35. Ra6 Ra8 36. Rxa8 Rxa8 37. Bd4 Bxd4 38. Qxd4 a2 39. Qa1 Nc5 40. Bc4 Qb4 41. d6 Qxc4 42. d7 Nxd7 43. Rxd7 b2 44. Qxb2 a1Q 45. Rd8+ Rxd8 46. Qxa1 Qxe4 47. Qf6 Rd4 0-1

[Event "Mersin op 5th"]
[Site "Mersin"]
[Date "2021.11.18"]
[Round "5"]
[White "Gulbeyaz, Emir"]
[Black "Lorparizangeneh, Shahin"]
[Result "0-1"]
[WhiteElo "2069"]
[BlackElo "2492"]
[PlyCount "128"]
[EventDate "2021.11.16"]
[EventType "swiss"]
[EventRounds "9"]
[EventCountry "TUR"]
[SourceTitle "CBM 205 Extra"]
[Source "ChessBase"]
[SourceDate "2022.01.31"]
[SourceVersion "1"]
[SourceVersionDate "2022.01.31"]
[SourceQuality "1"]

1. d4 Nf6 2. Nf3 g6 3. Nbd2 c5 4. dxc5 Qa5 5. a3 Qxc5 6. b4 Qc7 7. Bb2 Bg7 8. e4 0-0 9. Qc1 b6 10. c4 a5 11. Nd4 axb4 12. axb4 Rxa1 13. Bxa1 Bb7 14. Bd3 Na6 15. Bc3 Qd6 16. Qb1 Ng4 17. Nb5 Qf4 18. Nf3 Bxc3+ 19. Nxc3 Ne5 20. Nxe5 Qxe5 21. Ne2 Qd6 22. Nc3 Ra8 23. Na2 Nb8 24. 0-0 Nc6 25. Rd1 Ne5 26. Be2 Qf6 27. f3 Ra3 28. Kh1 Qf4 29. Qc1 Qxc1 30. Nxc1 Rc3 31. c5 bxc5 32. bxc5 Bc6 33. Kg1 Ba4 34. Re1 g5 35. Na2 Rxc5 36. Rc1 Ra5 37. Nb4 Bc6 38. Nd3 Ng6 39. Nb4 Ne5 40. Nd3 Nxd3 41. Bxd3 Ra3 42. Bc4 Kg7 43. Kf2 e6 44. Rd1 Rc3 45. Bd3 Kf6 46. Rd2 Ke5 47. Ke2 h5 48. Ra2 Kd4 49. Rd2 Ke5 50. Rb2 g4 51. Ke3 f5 52. f4+ Kf6 53. e5+ Ke7 54. Kd4 Rc1 55. g3 Rh1 56. Ke3 Kf7 57. Rd2 Kg6 58. Rf2 h4 59. Bf1 hxg3 60. hxg3 Rg1 61. Kd4 Rxg3 62. Kc5 Rg1 63. Bc4 g3 64. Rd2 Rc1 0-1

[Event "EU-ch Hybrid U18"]
[Site "Tornelo INT"]
[Date "2021.10.15"]
[Round "9"]
[White "Gulbeyaz, Emir"]
[Black "Kucuksari, Kaan"]
[Result "0-1"]
[WhiteElo "2036"]
[BlackElo "2369"]
[PlyCount "42"]
[EventDate "2021.10.15"]
[EventType "swiss"]
[EventRounds "9"]
[EventCountry "NET"]
[SourceTitle "EXT 2023"]
[Source "ChessBase"]
[SourceDate "2022.10.05"]
[SourceVersion "1"]
[SourceVersionDate "2022.10.05"]
[SourceQuality "1"]
[WhiteTeam "Turkey"]
[BlackTeam "Sweden"]
[WhiteTeamCountry "TUR"]
[BlackTeamCountry "SWE"]

1. d4 Nf6 2. Nf3 g6 3. Nbd2 d5 4. b4 Bg7 5. e3 0-0 6. Be2 Nbd7 7. c4 c6 8. a4 Ne4 9. Nxe4 dxe4 10. Nd2 e5 11. Nxe4 exd4 12. exd4 Qe7 13. Qd3 Re8 14. f3 f5 15. Nc3 Qh4+ 16. Kf1 Bxd4 17. g3 Qh3+ 18. Ke1 Ne5 19. Qc2 Nxf3+ 20. Kd1 Qg2 21. Rf1 Qxf1+ 0-1

[Event "EU-ch Hybrid U18"]
[Site "Tornelo INT"]
[Date "2021.10.15"]
[Round "5"]
[White "Gulbeyaz, Emir"]
[Black "Ozdemir, Serhan Berat"]
[Result "1/2-1/2"]
[WhiteElo "2036"]
[BlackElo "2118"]
[PlyCount "38"]
[EventDate "2021.10.15"]
[EventType "swiss"]
[EventRounds "9"]
[EventCountry "NET"]
[SourceTitle "EXT 2023"]
[Source "ChessBase"]
[SourceDate "2022.10.05"]
[SourceVersion "1"]
[SourceVersionDate "2022.10.05"]
[SourceQuality "1"]
[WhiteTeam "Turkey"]
[BlackTeam "Turkey"]
[WhiteTeamCountry "TUR"]
[BlackTeamCountry "TUR"]

1. d4 Nf6 2. Nf3 g6 3. Nbd2 d5 4. b4 Bg7 5. e3 0-0 6. Bb2 b6 7. c4 Bb7 8. Be2 Nbd7 9. Qc2 Rc8 10. c5 c6 11. 0-0 Re8 12. a4 Qc7 13. a5 Rb8 14. axb6 axb6 15. h3 b5 16. Bd3 Nh5 17. Rfe1 f5 18. g4 fxg4 19. hxg4 Nhf6 1/2-1/2

[Event "TUR Cup"]
[Site "Antalya"]
[Date "2020.02.01"]
[Round "10"]
[White "Gulbeyaz, Emir"]
[Black "Temizer, Umut"]
[Result "1-0"]
[WhiteElo "2121"]
[BlackElo "1927"]
[PlyCount "55"]
[EventDate "2020.01.26"]
[EventType "swiss"]
[EventRounds "11"]
[EventCountry "TUR"]
[SourceTitle "CBM 194 Extra"]
[Source "ChessBase"]
[SourceDate "2020.03.31"]
[SourceVersion "1"]
[SourceVersionDate "2020.03.31"]
[SourceQuality "1"]

1. e4 c5 2. b3 Nf6 3. Nc3 Nc6 4. Bb2 g6 5. f4 Bg7 6. d3 0-0 7. Nf3 b5 8. Qd2 c4 9. e5 b4 10. exf6 bxc3 11. Bxc3 exf6 12. dxc4 Re8+ 13. Be2 Qe7 14. 0-0 Bb7 15. Rfe1 Qc5+ 16. Kh1 d5 17. b4 Qf2 18. b5 d4 19. Bb2 Ne5 20. fxe5 Bxf3 21. gxf3 Rxe5 22. Bxd4 Rd8 23. Bxf2 Rxd2 24. Rad1 Rxc2 25. Bg3 Re6 26. Bd3 Rc3 27. Rxe6 fxe6 28. Bb8 1-0

[Event "TUR-chT 1st League"]
[Site "Konya"]
[Date "2019.07.25"]
[Round "5.1"]
[White "Aydincelebi, Kagan"]
[Black "Gulbeyaz, Emir"]
[Result "1-0"]
[WhiteElo "2300"]
[BlackElo "2093"]
[PlyCount "127"]
[EventDate "2019.07.22"]
[EventType "team-swiss"]
[EventRounds "9"]
[EventCountry "TUR"]
[SourceTitle "CBM 191 Extra"]
[Source "ChessBase"]
[SourceDate "2019.09.30"]
[SourceVersion "1"]
[SourceVersionDate "2019.09.30"]
[SourceQuality "1"]
[WhiteTeam "Bayegan Pendik"]
[BlackTeam "Gokyay Vakfi"]
[WhiteTeamCountry "TUR"]
[BlackTeamCountry "TUR"]

1. e4 g6 2. d4 Bg7 3. Nc3 c6 4. Nf3 d6 5. h3 Nf6 6. Be2 0-0 7. 0-0 b5 8. a3 Nbd7 9. Be3 a6 10. Qd2 Qc7 11. Bh6 e5 12. dxe5 dxe5 13. Rad1 Re8 14. Qe3 Nh5 15. Bxg7 Nxg7 16. Rd2 Bb7 17. Rfd1 Rad8 18. Bf1 Bc8 19. b4 f6 20. a4 Nb6 21. a5 Nd7 22. g3 Nf8 23. Na2 Rxd2 24. Rxd2 Rd8 25. Nc1 Rxd2 26. Nxd2 Be6 27. Ndb3 Nd7 28. Nc5 Nxc5 29. Qxc5 Ne8 30. Nd3 Bc4 31. Nb2 Bxf1 32. Kxf1 Nd6 33. f3 Qd7 34. Ke2 Nc8 35. Nd3 h5 36. g4 hxg4 37. hxg4 Kg7 38. g5 fxg5 39. Qxe5+ Kh7 40. Qxg5 Nd6 41. Qh4+ Kg7 42. Kf2 Nc4 43. Kg3 Qd4 44. Qe7+ Kg8 45. Qc5 Qf6 46. f4 Nd2 47. Qe5 Qf7 48. Nc5 Qc4 49. Qe6+ Qxe6 50. Nxe6 Nxe4+ 51. Kf3 Nd6 52. Nc5 Kf7 53. Kg4 Nf5 54. Kg5 Nd4 55. c3 Ne2 56. Nxa6 Ke7 57. Nc5 Nxc3 58. a6 Nd5 59. a7 Nb6 60. Kxg6 Na8 61. Kg7 Nc7 62. f5 Ne8+ 63. Kg6 Nc7 64. f6+ 1-0

[Event "Ankara Baskent Univ op 4th"]
[Site "Ankara"]
[Date "2019.06.21"]
[Round "7"]
[White "Mammadov, Zaur Fazahir Oglu"]
[Black "Gulbeyaz, Emir"]
[Result "1-0"]
[WhiteElo "2428"]
[BlackElo "2157"]
[PlyCount "67"]
[EventDate "2019.06.17"]
[EventType "swiss"]
[EventRounds "9"]
[EventCountry "TUR"]
[SourceTitle "CBM 191 Extra"]
[Source "ChessBase"]
[SourceDate "2019.09.30"]
[SourceVersion "1"]
[SourceVersionDate "2019.09.30"]
[SourceQuality "1"]

1. d4 Nf6 2. Nf3 g6 3. Nbd2 d5 4. c4 c6 5. g3 Bg7 6. Bg2 0-0 7. 0-0 a5 8. Re1 a4 9. Ne5 Ng4 10. Nef3 c5 11. h3 Nf6 12. dxc5 Nbd7 13. cxd5 Nxc5 14. e4 Nd3 15. Re3 Nxc1 16. Rxc1 Bd7 17. Rec3 e6 18. d6 Bc6 19. Qe2 Nd7 20. R3c2 Qb8 21. Nc4 Bb5 22. Qd2 Ra6 23. Rd1 Rd8 24. Na3 Bc6 25. Nd4 Ne5 26. f4 Rxd6 27. fxe5 Bxe5 28. Qf2 Rd7 29. Rd3 Bxd4 30. Rxd4 Rxd4 31. Qxd4 Qxg3 32. Qd8+ Kg7 33. Rf2 Bxe4 34. Qd4+ 1-0

[Event "World School-ch U17"]
[Site "Antalya"]
[Date "2019.04.26"]
[Round "9"]
[White "Ozdemir, Serhan Berat"]
[Black "Gulbeyaz, Emir"]
[Result "1-0"]
[WhiteElo "1978"]
[BlackElo "2241"]
[PlyCount "55"]
[EventDate "2019.04.18"]
[EventType "swiss"]
[EventRounds "9"]
[EventCountry "TUR"]
[SourceTitle "CBM 190 Extra"]
[Source "ChessBase"]
[SourceDate "2019.07.15"]
[SourceVersion "1"]
[SourceVersionDate "2019.07.15"]
[SourceQuality "1"]

1. e4 c5 2. Nf3 e6 3. d4 cxd4 4. Nxd4 a6 5. Nc3 b5 6. a3 Bb7 7. Be3 Qc7 8. Bd3 Nf6 9. 0-0 d6 10. f4 Nbd7 11. Qf3 Nc5 12. Rae1 Be7 13. Bf2 d5 14. e5 Nfe4 15. Bxe4 Nxe4 16. Nxe4 dxe4 17. Qg3 g6 18. Be3 h5 19. Nxe6 fxe6 20. Qxg6+ Kd7 21. Rd1+ Bd5 22. f5 Kc6 23. Rxd5 Rad8 24. Qxe6+ Kb7 25. Rfd1 Rxd5 26. Qxd5+ Kb8 27. f6 Bf8 28. e6 1-0

[Event "World School-ch U17"]
[Site "Antalya"]
[Date "2019.04.24"]
[Round "7"]
[White "Ibrahimli, Murad Sultanali"]
[Black "Gulbeyaz, Emir"]
[Result "1-0"]
[WhiteElo "2371"]
[BlackElo "2241"]
[PlyCount "71"]
[EventDate "2019.04.18"]
[EventType "swiss"]
[EventRounds "9"]
[EventCountry "TUR"]
[SourceTitle "CBM 190 Extra"]
[Source "ChessBase"]
[SourceDate "2019.07.15"]
[SourceVersion "1"]
[SourceVersionDate "2019.07.15"]
[SourceQuality "1"]

1. d4 Nf6 2. c4 g6 3. Nc3 Bg7 4. Nf3 d6 5. Bg5 0-0 6. e3 Nbd7 7. Be2 c6 8. 0-0 h6 9. Bh4 g5 10. Bg3 Nh5 11. Qc2 Nxg3 12. hxg3 a6 13. b4 a5 14. a3 e5 15. Ne4 Qe7 16. c5 d5 17. Nd6 e4 18. Nd2 f5 19. Qc3 a4 20. b5 b6 21. bxc6 Nxc5 22. Nxc8 Rfxc8 23. Bb5 Ne6 24. Qb2 f4 25. Nb1 Qd6 26. Nc3 Nc7 27. Bxa4 Rf8 28. Qb4 Qe6 29. Qxb6 Rf7 30. Bb3 h5 31. Qxc7 Rxc7 32. Bxd5 Rxc6 33. Bxe6+ Rxe6 34. a4 Rc8 35. Ra3 fxg3 36. fxg3 1-0

[Event "World School-ch U17"]
[Site "Antalya"]
[Date "2019.04.23"]
[Round "6"]
[White "Gulbeyaz, Emir"]
[Black "Aydincelebi, Kagan"]
[Result "0-1"]
[WhiteElo "2241"]
[BlackElo "2148"]
[PlyCount "89"]
[EventDate "2019.04.18"]
[EventType "swiss"]
[EventRounds "9"]
[EventCountry "TUR"]
[SourceTitle "CBM 190 Extra"]
[Source "ChessBase"]
[SourceDate "2019.07.15"]
[SourceVersion "1"]
[SourceVersionDate "2019.07.15"]
[SourceQuality "1"]

1. e4 c5 2. Nc3 Nc6 3. g3 g6 4. Bg2 Bg7 5. d3 d6 6. Be3 h5 7. h3 e5 8. Qd2 Nge7 9. f4 Nd4 10. Nge2 Be6 11. Nd1 Qd7 12. c3 Nxe2 13. Qxe2 h4 14. g4 exf4 15. Bxf4 d5 16. Nf2 d4 17. c4 g5 18. Bxg5 Be5 19. Qf3 Ng6 20. Bf6 Rh7 21. Bxe5 Nxe5 22. Qf6 Qd6 23. 0-0 a5 24. a3 Ra6 25. Rfb1 Kd7 26. Bf1 Kc7 27. b4 axb4 28. axb4 Rxa1 29. Rxa1 cxb4 30. Bg2 Bd7 31. Qg5 b3 32. Qd2 Qc5 33. Qb2 Rh6 34. Qxb3 Rb6 35. Qc2 Qb4 36. Nd1 Qe1+ 37. Kh2 Qg3+ 38. Kh1 Qe1+ 39. Kh2 Rf6 40. Rb1 Qg3+ 41. Kh1 Qe1+ 42. Kh2 Rf1 43. Bxf1 Nf3+ 44. Kg2 Qg3+ 45. Kh1 0-1